Az ötödik hangverseny

Elmentve itt :
Bibliográfiai részletek
Dokumentumtípus: Cikk
Megjelent: 1954-03-31
Sorozat:Délmagyarország 10 No. 76
Kulcsszavak:Zenei élet Szeged 1954, zeneélet
Online Access:http://dmarchiv.bibl.u-szeged.hu/76392
LEADER 00412nab a2200145 i 4500
001 delm76392
005 20180928084356.0
008 180928s1954 hu o 0|| hun d
040 |a SZTE Délmagyarország Archívum  |b hun 
041 |a hun 
245 0 3 |a Az ötödik hangverseny  |h [elektronikus dokumentum] 
260 |c 1954-03-31 
300 |a 3 
490 0 |a Délmagyarország  |v 10 No. 76 
695 |a Zenei élet Szeged 1954, zeneélet